Psychology (Record no. 3448)

MARC details
000 -LEADER
fixed length control field 00554nam a22001937a 4500
003 - CONTROL NUMBER IDENTIFIER
control field OSt
005 - DATE AND TIME OF LATEST TRANSACTION
control field 20260210131040.0
008 - FIXED-LENGTH DATA ELEMENTS--GENERAL INFORMATION
fixed length control field 251215b |||||||| |||| 00| 0 eng d
020 ## - INTERNATIONAL STANDARD BOOK NUMBER
International Standard Book Number 9780340655399
040 ## - CATALOGING SOURCE
Transcribing agency Outspan Global University
050 ## - LIBRARY OF CONGRESS CALL NUMBER
Classification number BF121
Item number .G76 1998
100 ## - MAIN ENTRY--PERSONAL NAME
Personal name Gross Richard
Relator term Authors
245 ## - TITLE STATEMENT
Title Psychology
Remainder of title A New Introduction
Statement of responsibility, etc. by Gross Richard and McIlveen Rob
250 ## - EDITION STATEMENT
Edition statement 1st
260 ## - PUBLICATION, DISTRIBUTION, ETC.
Place of publication, distribution, etc. Great Britain
Name of publisher, distributor, etc. GreenGate Publishing Services
Date of publication, distribution, etc. c1998
300 ## - PHYSICAL DESCRIPTION
Extent 818p
700 ## - ADDED ENTRY--PERSONAL NAME
Personal name McIlveen Rob
Relator term Author
942 ## - ADDED ENTRY ELEMENTS (KOHA)
Source of classification or shelving scheme Library of Congress Classification
Koha item type Books
Suppress in OPAC No
Holdings
Withdrawn status Lost status Source of classification or shelving scheme Damaged status Not for loan Home library Current library Shelving location Date acquired Total checkouts Full call number Barcode Date last seen Price effective from Koha item type
    Library of Congress Classification     Main Campus 2nd Floor Main Library General stacks 12/15/2025   BF121 .G76 1998 102697 12/15/2025 12/15/2025 Books